[Event "RUS-ch Silent"]
[Site "Zelenograd"]
[Date "2020.10.10"]
[Round "11"]
[White "Antipin, Alexander"]
[Black "Spassky, Mikhail"]
[Result "1-0"]
[WhiteElo "1750"]
[BlackElo "1142"]
[PlyCount "61"]
[EventDate "2020.10.03"]
[EventType "swiss"]
[EventRounds "11"]
[EventCountry "RUS"]
[SourceTitle "EXT 2022"]
[Source "ChessBase"]
[SourceDate "2021.10.06"]
[SourceVersion "1"]
[SourceVersionDate "2021.10.06"]
[SourceQuality "1"]

1. e4 c6 2. d4 d5 3. e5 Bf5 4. c3 e6 5. b4 Nd7 6. a4 a5 7. b5 c5 8. Nf3 Rc8 9. Bd3 Bxd3 10. Qxd3 cxd4 11. Qxd4 Ne7 12. g4 Rc4 13. Qd3 Rxg4 14. Ba3 Rxa4 15. Bxe7 Rxa1 16. Bxd8 Kxd8 17. 0-0 Ra4 18. h3 Bc5 19. Nbd2 Ke7 20. Nb3 g6 21. Nxc5 Nxc5 22. Qe3 b6 23. Qg5+ Kd7 24. Qf6 Re8 25. Qxf7+ Re7 26. Qf8 Ne4 27. Nd4 Nxc3 28. Nc6 Re8 29. Qd6+ Kc8 30. Qb8+ Kd7 31. Qb7# 1-0

[Event "RUS-ch Silent"]
[Site "Zelenograd"]
[Date "2020.10.10"]
[Round "9"]
[White "Kozlov, Valery Ger"]
[Black "Spassky, Mikhail"]
[Result "1/2-1/2"]
[WhiteElo "1780"]
[BlackElo "1142"]
[PlyCount "71"]
[EventDate "2020.10.03"]
[EventType "swiss"]
[EventRounds "11"]
[EventCountry "RUS"]
[SourceTitle "EXT 2022"]
[Source "ChessBase"]
[SourceDate "2021.10.06"]
[SourceVersion "1"]
[SourceVersionDate "2021.10.06"]
[SourceQuality "1"]

1. c4 c6 2. g3 d5 3. cxd5 cxd5 4. Bg2 Nf6 5. Nf3 Nc6 6. d4 Bf5 7. a3 e6 8. 0-0 h6 9. Qb3 Qd7 10. Bf4 Rc8 11. Nc3 Na5 12. Qb5 Qxb5 13. Nxb5 a6 14. Nd6+ Bxd6 15. Bxd6 Nb3 16. Ra2 Ne4 17. Bf4 g5 18. Be3 f6 19. Rd1 Rc2 20. Kf1 Kd7 21. Ne1 Rc4 22. f3 Nd6 23. Nd3 Nb5 24. Nc5+ Nxc5 25. dxc5 Bc2 26. Rd2 Bb3 27. Ra1 a5 28. Bf2 Kc6 29. Kg1 e5 30. Bf1 Rc2 31. Rxc2 Bxc2 32. Rc1 Bb3 33. Be1 a4 34. e3 Nc7 35. Kf2 h5 36. Ba5 1/2-1/2

[Event "RUS-ch Silent"]
[Site "Zelenograd"]
[Date "2020.10.09"]
[Round "7"]
[White "Bayramov, Elnur"]
[Black "Spassky, Mikhail"]
[Result "1/2-1/2"]
[WhiteElo "1665"]
[BlackElo "1142"]
[PlyCount "54"]
[EventDate "2020.10.03"]
[EventType "swiss"]
[EventRounds "11"]
[EventCountry "RUS"]
[SourceTitle "EXT 2022"]
[Source "ChessBase"]
[SourceDate "2021.10.06"]
[SourceVersion "1"]
[SourceVersionDate "2021.10.06"]
[SourceQuality "1"]

1. d4 d5 2. Nf3 Nf6 3. Bf4 Bf5 4. c4 c6 5. Qb3 Qb6 6. Qxb6 axb6 7. e3 e6 8. Nc3 dxc4 9. Bxc4 b5 10. Bb3 Ne4 11. Nxe4 Bxe4 12. 0-0 Nd7 13. a4 Bd3 14. Rfd1 Be2 15. Rd2 Bxf3 16. gxf3 Bb4 17. Rdd1 bxa4 18. Bxa4 0-0 19. Bb3 Nb6 20. e4 Rxa1 21. Rxa1 Ra8 22. Rd1 Ra5 23. Kf1 Kf8 24. Ke2 Ke7 25. Be3 Nd7 26. f4 g6 27. h4 h5 1/2-1/2